| 000 | 00704nam a2200253Ia 4500 | ||
|---|---|---|---|
| 003 | OSt | ||
| 005 | 20220928120756.0 | ||
| 006 | a|||||r|||| 00| 0 | ||
| 007 | ta | ||
| 008 | 220927b |||||||| |||| 00| 0 eng d | ||
| 024 | _a43243 | ||
| 037 | _cTextual | ||
| 040 |
_aSDCL _cSDCL _beng |
||
| 041 |
_2eng _aeng |
||
| 082 | _aS9Z, P8 | ||
| 100 |
_aVrij Aldert _9451070 |
||
| 245 | 0 |
_aDetecting lies and deceit _b Pitfalls and opportunities. |
|
| 250 | _a2 | ||
| 260 |
_aEngland _bJohn Wiley _c2008 |
||
| 300 |
_axii,488p. _ccm. |
||
| 490 | _aWiley series in the psychology of crime, policing and law. | ||
| 942 |
_hS9Z, P8 _cTEXL _2CC |
||
| 999 |
_c765188 _d765188 |
||